LEADER 01008nam0 2200277 450 001 000006419 005 20060120112317.0 010 $a88-464-6579-2 100 $a20060120d2005----km-y0itay50------ba 101 0 $aita 102 $aIT 105 $ay-------001yy 200 1 $a<>informazione etico-sociale nella comunicazione d'impresa$fConcetta Carnevale 210 $aMilano$cFranco Angeli$dc2005 215 $aXV, 199 p.$d23 cm 225 2 $aEconomia aziendale$iSerie scientifica$fUniversità degli studi della Calabria 410 0$12001$aEconomia aziendale. Serie scientifica$fUniversità degli studi della Calabria 610 1 $aComunicazione aziendale 610 1 $aImpresa$aAmministrazione$aPubblicità 676 $a658.1512$v20 700 1$aCarnevale,$bConcetta$0330147 801 0$aIT$bUNIPARTHENOPE$c20060120$gRICA$2UNIMARC 912 $a000006419 951 $a658-I/44$b38281$cNAVA1$d2006 996 $aInformazione etico-sociale nella comunicazione d'impresa$9743320 997 $aUNIPARTHENOPE LEADER 02476nam 2200589Ia 450 001 9910784875903321 005 20230831183747.0 010 $a1-280-53494-X 010 $a0-19-535796-5 035 $a(CKB)1000000000403178 035 $a(EBL)431296 035 $a(OCoLC)252607001 035 $a(SSID)ssj0000116964 035 $a(PQKBManifestationID)11145154 035 $a(PQKBTitleCode)TC0000116964 035 $a(PQKBWorkID)10058561 035 $a(PQKB)10270538 035 $a(MiAaPQ)EBC431296 035 $a(Au-PeEL)EBL431296 035 $a(CaPaEBR)ebr10278802 035 $a(CaONFJC)MIL53494 035 $a(EXLCZ)991000000000403178 100 $a19950928d1995 uy 0 101 0 $aeng 135 $aur|n|---||||| 181 $ctxt$2rdacontent 182 $cc$2rdamedia 183 $acr$2rdacarrier 200 10$aCalvin in context /$fDavid Steinmetz 210 1$aNew York :$cOxford University Press,$d1995. 215 $a1 online resource (ix, 235 pages) 311 0 $a0-19-802520-3 311 0 $a0-19-509164-7 320 $aIncludes bibliographical references (p. 213-221) and indexes. 327 $aContents; Abbreviations; Translations; 1. Introduction to Calvin; 2. Calvin and the Natural Knowledge of God; 3. Calvin and the Absolute Power of God; 4. Calvin and the First Commandment; 5. Calvin and Abraham; 6. Calvin and Tamar; 7. Calvin and Isaiah; 8. Calvin and the Divided Self of Romans 7; 9. Calvin and Patristic Exegesis; 10. Calvin among the Thomists; 11. Calvin and the Baptism of John; 12. Calvin and His Lutheran Critics; 13. Calvin and the Monastic Ideal; 14. Calvin and the Civil Magistrate; 15. Concluding Observations; Selected Bibliography; General Index; Scriptural Citations Index 330 $aThis accessible general introduction to Calvin's thought uses a wide range of primary sources to place Calvin in the context of the theological and exegetical traditions that influenced him. 606 $aCalvinism$xHistory 606 $aReformation 606 $aReformed Church$xDoctrines$xHistory$y16th century 615 0$aCalvinism$xHistory. 615 0$aReformation. 615 0$aReformed Church$xDoctrines$xHistory 676 $a230/.42/092 676 $a284.2092 700 $aSteinmetz$b David Curtis$0205786 801 0$bMiAaPQ 801 1$bMiAaPQ 801 2$bMiAaPQ 906 $aBOOK 912 $a9910784875903321 996 $aCalvin in context$93686935 997 $aUNINA